Normal view
MARC view
Entry Topical Term
001 - CONTROL NUMBER
- control field: 7215
003 - CONTROL NUMBER IDENTIFIER
- control field: OSt
005 - DATE AND TIME OF LATEST TRANSACTION
- control field: 20150823162554.0
008 - FIXED-LENGTH DATA ELEMENTS
- fixed length control field: 150823|| aca||aabn | a|a d
040 ## - CATALOGING SOURCE
- Original cataloging agency: OSt
- Transcribing agency: OSt
150 ## - HEADING--TOPICAL TERM
- Topical term or geographic name entry element: Food Technology
670 ## - SOURCE DATA FOUND
- Source citation: Work cat.: (OSt)42611: Barbosa, Gustavo V 7214, Handling and Preservation of Fruits and Vegetables By Combined Methods for Rural Areas, 2007









